000 01617nam a2200337 c 4500
003 BLK
005 20250129005527.0
008 180409b bul|||||r ||||||| ||bul||
010 _aKNG00149638000
040 _aBLK
041 _aBUL
_cBUL
080 _aБългарска литература
_b821.163.2
_x-93-1
_z821.163.2-93-1
100 _aСтрумски, Георги
_d1932 - 2013
_gПисател, поет, преводач от руски език.
_qЙорданов, Георги Асенов
_9375654
700 _aЙорданов, Георги Асенов
_9326703
700 1 _aВълчев, Васил Николов
_eхудож.
_9328001
139 _aСтрумски, Георги
_bС 87
245 1 0 _aПесен за чудесната страна
_bСтихотворения за нач. училищна възраст
_cГеорги Струмски; * Георги Асенов Йорданов; худож. Васил Николов Вълчев.
257 _aBGR
260 София
_bБълг. художник
_c1981
_fСофия : ДП Балкан
300 _a16 с. ; с ил.
_c32 см
380 _aDX
500 _aИстинското име на авт. е Георги Асенов Йорданов. - 34 120 тир.
653 _aдетска литература
653 _aлитература за деца
852 _aЦб ІІ 18803
856 4 _qpdf
_u
856 4 _qpdf
_u
942 _cKNG
_n0
944 _aCR
_c20.08.2013
_lCRON CRON
_k
944 _aED
_c20.08.2013
_l20.08.2013 - от С1,Р / 20.08.2013
_k
999 _c143515
_d143515